Các văn bản quản lý và sử dụng internet công cộng /
保存先:
| 団体著者: | |
|---|---|
| フォーマット: | Sách giấy |
| 言語: | Vietnamese |
| 出版事項: |
H. :
Bưu điện,
2006
|
| 主題: | |
| タグ: |
タグ追加
タグなし, このレコードへの初めてのタグを付けませんか!
|
| Thư viện lưu trữ: | Thư viện Trường Đại học Đà Lạt |
|---|
| LEADER | 00788nam a2200301 4500 | ||
|---|---|---|---|
| 001 | DLU060057656 | ||
| 005 | ##20061225 | ||
| 040 | # | # | |a DLU |b vie |
| 041 | # | # | |a vie |
| 044 | # | # | |a vn |
| 082 | # | # | |a 343.597 099 |b BOB |
| 110 | # | # | |a Bộ Bưu chính, Viễn thông |
| 245 | # | # | |a Các văn bản quản lý và sử dụng internet công cộng / |c Bộ Bưu chính, Viễn thông |
| 260 | # | # | |a H. : |b Bưu điện, |c 2006 |
| 300 | # | # | |a 141 tr. ; |c 21 cm |
| 653 | # | # | |a Dịch vụ công cộng |
| 653 | # | # | |a Quản lý nhà nước |
| 653 | # | # | |a Văn bản pháp lý |
| 923 | # | # | |a 24/2006 |
| 992 | # | # | |a 20.000 |
| 994 | # | # | |a DLU |
| 900 | # | # | |a True |
| 911 | # | # | |a Đào Thị Thu Huyền |
| 925 | # | # | |a G |
| 926 | # | # | |a A |
| 927 | # | # | |a SH |
| 980 | # | # | |a Thư viện Trường Đại học Đà Lạt |